| 000 | 00621nam a22001932ia4500 | ||
|---|---|---|---|
| 999 |
_c59722 _d59722 |
||
| 001 | 006783147 | ||
| 003 | ELAR | ||
| 005 | 20230406155730.0 | ||
| 008 | 130319m1974 ru ||||| |||||||| ||rus d | ||
| 041 | 1 | _arus | |
| 080 | _a512+515 Ф-94 | ||
| 100 | 1 |
_aФукс, Ласло _917521 |
|
| 245 | 0 | 0 |
_aБесконечные абелевы группы : _h[Текст] / _cПер. с англ. А. П. Мишиной. |
| 264 |
_aМосква : _bМир, _c1974. |
||
| 300 | _c22 см. | ||
| 653 | _aმათემატიკა | ||
| 700 | 1 |
_aМишина, А. П. _eმთარგმნელი _917522 |
|
| 942 |
_2udc _cBK |
||